| 000 | 01001cam a2200301 a 4500 | ||
|---|---|---|---|
| 001 | 3982742 | ||
| 005 | 20171215082327.0 | ||
| 008 | 951207s1996 maua b 001 0 eng d | ||
| 010 | _a 95083510 | ||
| 020 | _a0312122497 | ||
| 020 | _a0312108028 (pbk.) | ||
| 035 | _a(MH)MHBHF36750HU | ||
| 035 | _a(OCoLC)34725744 | ||
| 035 | _a(CStRLIN)MAHGBHF36750-B | ||
| 040 |
_aMH _cMH _dCStRLIN _dDLC |
||
| 041 | _aeng | ||
| 042 | _alccopycat | ||
| 043 | _ae-fr--- | ||
| 080 | _a323.094409033 HUN | ||
| 082 | 0 | 0 |
_a323.094409033 HUN _221 |
| 100 | _a17 | ||
| 101 | _aHIS | ||
| 245 | 0 | 4 |
_aThe French Revolution and human rights : _cedited, translated, and with an introduction by Lynn Hunt. |
| 504 | _aIncludes bibliographical references (p. 146-147) and index. | ||
| 906 |
_a7 _bcbc _ccopycat _d2 _eopcn _f19 _gy-gencatlg |
||
| 942 |
_2ddc _cBK |
||
| 999 |
_c39031 _d39031 |
||